| 000 | 00629nam a2200229 a 4500 | ||
|---|---|---|---|
| 001 | BRL_125 | ||
| 005 | 20190320210612.0 | ||
| 008 | 721208s1954 nyua######---#000-0#eng-# | ||
| 040 |
_aDLC _cODaWU _dOCoLC |
||
| 041 | _aeng | ||
| 044 | _anyu | ||
| 050 | 4 |
_aN5300 _b.T39 1954 |
|
| 100 | 1 |
_aTaylor, Francis Henry, _d1903-1957 _922977 |
|
| 245 | 1 | 0 |
_aFifty centuries of art _cby Francis Henry Taylor. |
| 260 |
_aNueva York _bHarper _cc1954 |
||
| 300 |
_avii, 183 p. _bil. a color _c29 cm. |
||
| 500 | _aAu179 | ||
| 650 | 1 | 4 |
_aArte _xHistoria _922978 |
| 650 | 1 | 4 |
_aObjetos de arte _vCatálogos _911735 |
| 902 | _aGRL | ||
| 942 |
_2lcc _cB |
||
| 999 |
_c8938 _d8938 |
||